000 00667nam a2200277Ia 4500
005 20260324113625.0
008 008 260324s9999 xx 000 0 eng d
020 _a9781003322382
037 _aEBOOK
040 _aCRL
040 _beng
040 _cCRL
041 _2eng
041 _aeng
084 _qCRL
100 _aCraig McNulty; Remco Polman; Matthew Watson; Kabir Bubna
_91147518
245 4 _aThe Science of Esports
260 _bTaylor and Francis
260 _c2023
365 _a
365 _b220
856 _uhttp://www.taylorfrancis.com/books/9781003322382
942 _cEBOOK
999 _c1737260
_d1737260